[Event "6th Sharjah Masters 2023"]
[Site "Sharjah UAE"]
[Date "2023.05.18"]
[Round "2.3"]
[White "Narayanan, S.L."]
[Black "Yu, Yangyi"]
[Result "1/2-1/2"]
[WhiteTitle "GM"]
[BlackTitle "GM"]
[WhiteElo "2660"]
[BlackElo "2729"]
[WhiteFideId "5058422"]
[BlackFideId "8603820"]
[EventDate "2023.05.17"]
[EventType "swiss"]

1. d4 d5 2. c4 c6 3. Nc3 Nf6 4. e3 Bf5 5. cxd5 cxd5 6. Qb3 Nc6 7. Qxb7 Bd7 8.
Qb3 Rb8 9. Qd1 e5 10. dxe5 Nxe5 11. Be2 Bd6 12. Nf3 Nxf3+ 13. Bxf3 Qc7 14. h3
O-O 15. O-O Rfd8 16. a4 Bh2+ 17. Kh1 Be5 18. Qe2 Bxc3 19. bxc3 Qxc3 20. Ra2 Qb3
21. Ra3 Qb4 22. Qd2 Qc4 23. Kg1 Bxa4 24. Bb2 Ne4 25. Qd4 Qxd4 26. Bxd4 Bb5 27.
Bxa7 Bxf1 28. Bxb8 Rxb8 29. Bxe4 1/2-1/2

[Event "6th Sharjah Masters 2023"]
[Site "Sharjah UAE"]
[Date "2023.05.18"]
[Round "2.4"]
[White "Nguyen, Thai Dai Van"]
[Black "Niemann, Hans Moke"]
[Result "1/2-1/2"]
[WhiteTitle "GM"]
[BlackTitle "GM"]
[WhiteElo "2645"]
[BlackElo "2708"]
[WhiteFideId "358878"]
[BlackFideId "2093596"]
[EventDate "2023.05.17"]
[EventType "swiss"]

1. d4 Nf6 2. c4 e6 3. Nf3 d5 4. g3 Bb4+ 5. Bd2 Be7 6. Bg2 O-O 7. O-O Nbd7 8. Qc2
c6 9. Bf4 a5 10. Rd1 a4 11. Ne5 Qb6 12. Nc3 Qa6 13. c5 Nxe5 14. Bxe5 Nd7 15. Bc7
b6 16. cxb6 Bd8 17. e3 Nxb6 18. Bf1 Qa7 19. Bxd8 Rxd8 20. Ne2 Bb7 21. Nf4 Nd7
22. Nd3 Qb6 23. Rdc1 Ra5 24. b4 axb3 25. axb3 Rda8 26. Rxa5 Rxa5 27. b4 Ra8 28.
Nc5 Bc8 29. Rb1 g6 30. h4 Nf6 31. b5 1/2-1/2

[Event "6th Sharjah Masters 2023"]
[Site "Sharjah UAE"]
[Date "2023.05.18"]
[Round "2.6"]
[White "Praggnanandhaa, R"]
[Black "Sadhwani, Raunak"]
[Result "1-0"]
[WhiteTitle "GM"]
[BlackTitle "GM"]
[WhiteElo "2688"]
[BlackElo "2627"]
[WhiteFideId "25059530"]
[BlackFideId "35093487"]
[EventDate "2023.05.17"]
[EventType "swiss"]

1. e4 e5 2. Nf3 Nc6 3. Bb5 a6 4. Ba4 Nf6 5. O-O Be7 6. Bxc6 dxc6 7. d3 Nd7 8.
Be3 O-O 9. Nbd2 c5 10. Nc4 f6 11. Nh4 Nb8 12. Nf5 Nc6 13. Qg4 Bxf5 14. exf5 b5
15. Nd2 Nd4 16. c3 Nc2 17. Bh6 Rf7 18. Rac1 Kh8 19. Ne4 gxh6 20. Rxc2 Rg7 21.
Qf3 Qg8 22. b3 Rd8 23. g3 Qf7 24. Rd1 Rd7 25. c4 b4 26. a3 a5 27. axb4 axb4 28.
Ra2 Rg8 29. Rda1 Rgd8 30. Ra8 Qe8 31. Rxd8 Rxd8 32. Ra6 c6 33. Qe3 Qh5 34. Nxc5
Qxf5 35. Rxc6 h5 36. Ne6 Ra8 37. Qa7 1-0

[Event "6th Sharjah Masters 2023"]
[Site "Sharjah UAE"]
[Date "2023.05.18"]
[Round "2.7"]
[White "Sevian, Samuel"]
[Black "Kovalev, Vladislav"]
[Result "1/2-1/2"]
[WhiteTitle "GM"]
[BlackTitle "GM"]
[WhiteElo "2684"]
[BlackElo "2612"]
[WhiteFideId "2040506"]
[BlackFideId "13504398"]
[EventDate "2023.05.17"]
[EventType "swiss"]

1. e4 e5 2. Nf3 Nc6 3. Bb5 a6 4. Ba4 Nf6 5. O-O Be7 6. Re1 b5 7. Bb3 d6 8. c3
O-O 9. h3 Na5 10. Bc2 c5 11. d4 Nd7 12. a4 Rb8 13. axb5 axb5 14. b3 exd4 15.
cxd4 Nc6 16. Nc3 Bf6 17. Be3 Nb4 18. Rc1 Nxc2 19. Rxc2 Bb7 20. Bf4 cxd4 21. Nxd4
Be5 22. Bxe5 dxe5 23. Ndxb5 Nc5 24. Qd6 Bxe4 25. Nxe4 Nxe4 26. Qxe5 Re8 27. Qd4
Rxb5 28. Rxe4 Rxb3 29. Rce2 Rb1+ 30. Kh2 Qb8+ 31. g3 Rxe4 32. Qxe4 g6 33. Qc6
Qb7 34. Qe8+ Kg7 35. Qe5+ f6 36. Qe7+ Qxe7 37. Rxe7+ Kg8 1/2-1/2

[Event "6th Sharjah Masters 2023"]
[Site "Sharjah UAE"]
[Date "2023.05.18"]
[Round "2.8"]
[White "Aravindh, Chithambaram VR."]
[Black "Esipenko, Andrey"]
[Result "1/2-1/2"]
[WhiteTitle "GM"]
[BlackTitle "GM"]
[WhiteElo "2633"]
[BlackElo "2679"]
[WhiteFideId "5072786"]
[BlackFideId "24175439"]
[EventDate "2023.05.17"]
[EventType "swiss"]

1. d4 Nf6 2. Nf3 d5 3. c4 e6 4. g3 Be7 5. Bg2 O-O 6. Nc3 Nbd7 7. O-O dxc4 8. a4
a5 9. e4 Nb6 10. Qc2 Bd7 11. Rd1 h6 12. Ne5 Qe8 13. Be3 Bb4 14. d5 Rc8 15. f4
exd5 16. Bxb6 cxb6 17. Nxd7 Nxd7 18. Nxd5 b5 19. Bh3 Rd8 20. Bxd7 Rxd7 21. axb5
Qc8 22. Kg2 Rdd8 23. Rac1 c3 24. bxc3 Bc5 25. e5 Rfe8 26. Qe4 b6 27. Rd3 Kh8 28.
Ra1 Qe6 29. c4 Rc8 30. Rd2 g6 31. Re2 Bf8 32. Ra4 Rc5 33. h3 h5 34. Rd2 Rec8 35.
Ne3 Be7 36. Rd5 R5c7 37. Rd3 Bb4 38. Ra2 Be7 39. Rd5 Bc5 40. f5 gxf5 41. Nxf5
Bf8 42. Ne3 Qg6 43. Qf3 Re8 44. Rad2 a4 45. Nf5 Rxc4 46. Nd6 Bxd6 47. exd6 Kg7
48. d7 Rd8 49. Re2 Rc2 50. h4 Rxe2+ 51. Qxe2 Qe6 52. Qxh5 f6 53. Qd1 a3 54. Qd2
Qe4+ 55. Kh2 Qc4 56. Rd4 Qxb5 57. Rg4+ Kh7 58. Rd4 Qb2 59. Qxb2 axb2 60. Rb4
Rxd7 61. Rxb6 1/2-1/2

[Event "6th Sharjah Masters 2023"]
[Site "Sharjah UAE"]
[Date "2023.05.18"]
[Round "2.9"]
[White "Salem, A.R. Saleh"]
[Black "Kadric, Denis"]
[Result "1/2-1/2"]
[WhiteTitle "GM"]
[BlackTitle "GM"]
[WhiteElo "2677"]
[BlackElo "2601"]
[WhiteFideId "9301348"]
[BlackFideId "14403803"]
[EventDate "2023.05.17"]
[EventType "swiss"]

1. d4 Nf6 2. c4 g6 3. g3 c6 4. Bg2 d5 5. Nf3 Bg7 6. O-O O-O 7. Qb3 a5 8. Rd1 a4
9. Qb4 Qa5 10. Qxa5 Rxa5 11. Na3 Ra8 12. h3 Na6 13. cxd5 cxd5 14. Bd2 Bf5 15.
Bf1 Rfc8 16. e3 Ne4 17. Be1 Bd7 18. Rac1 e6 19. Nb5 Bf8 20. a3 f6 21. Nd2 Nd6
22. Nxd6 Bxd6 23. Nb1 b5 24. Nc3 Rcb8 25. e4 b4 26. axb4 Nxb4 27. Bg2 Ra7 28.
exd5 Nxd5 29. Bxd5 exd5 30. Nxd5 Kf7 31. Ne3 Bxh3 32. Bc3 Rc7 33. Ba5 Rd7 34.
Rc6 Rb5 35. Bc3 a3 36. bxa3 Bxa3 37. d5 Be7 38. Ra1 Bf5 39. Nxf5 gxf5 40. Raa6 1/2-1/2

[Event "6th Sharjah Masters 2023"]
[Site "Sharjah UAE"]
[Date "2023.05.18"]
[Round "2.10"]
[White "Sargsyan, Shant"]
[Black "Tabatabaei, M. Amin"]
[Result "1/2-1/2"]
[WhiteTitle "GM"]
[BlackTitle "GM"]
[WhiteElo "2630"]
[BlackElo "2677"]
[WhiteFideId "13306766"]
[BlackFideId "12521213"]
[EventDate "2023.05.17"]
[EventType "swiss"]

1. d4 Nf6 2. Nf3 d5 3. Bf4 c5 4. e3 Nc6 5. Nbd2 e6 6. c3 c4 7. a4 Bd6 8. Bg3 O-O
9. b3 cxb3 10. Qxb3 Re8 11. Bb5 a6 12. Bd3 e5 13. dxe5 Nxe5 14. Nxe5 Bxe5 15.
Bxe5 Rxe5 16. Nf3 Rh5 17. Qb4 Qc7 18. h3 Bg4 19. Nd4 Ne4 20. Rb1 Re8 21. Bxe4
dxe4 22. Rb3 Bc8 23. Ne2 Rc5 24. O-O Be6 25. Rb2 b5 26. Qa3 Bc4 27. Rc1 bxa4 28.
Qxa4 Bb5 29. Qa3 Rc8 30. Nd4 Bd3 31. Rb3 h5 32. Qb2 Qe5 33. Rb7 Rc4 34. Qa3 R4c7
35. Rxc7 Rxc7 36. Qa4 Qd5 37. Qb4 Rc8 38. Ra1 Qc5 39. Ra3 Qxb4 40. cxb4 Rc1+ 41.
Kh2 Rb1 42. Rb3 Rxb3 43. Nxb3 Kf8 44. Nc5 Ke7 45. f3 Kd6 46. fxe4 Bc4 47. Na4
Ke5 48. Nc3 Bd3 49. Kg3 Bxe4 50. b5 axb5 51. Nxb5 g5 52. Kf2 h4 53. Nc3 f6 54.
Ne2 Bc6 55. Nc3 Be4 56. Ne2 Bc6 57. Nc3 Be4 1/2-1/2

[Event "6th Sharjah Masters 2023"]
[Site "Sharjah UAE"]
[Date "2023.05.18"]
[Round "2.11"]
[White "Mchedlishvili, Mikheil"]
[Black "Nihal, Sarin"]
[Result "1/2-1/2"]
[WhiteTitle "GM"]
[BlackTitle "GM"]
[WhiteElo "2553"]
[BlackElo "2673"]
[WhiteFideId "13600966"]
[BlackFideId "25092340"]
[EventDate "2023.05.17"]
[EventType "swiss"]

1. e4 e5 2. Nf3 Nc6 3. Bb5 a6 4. Ba4 Nf6 5. O-O Be7 6. d3 d6 7. c3 O-O 8. Re1 b5
9. Bb3 Re8 10. Ng5 Rf8 11. Nf3 Re8 12. Ng5 Rf8 13. Nf3 Re8 1/2-1/2

[Event "6th Sharjah Masters 2023"]
[Site "Sharjah UAE"]
[Date "2023.05.18"]
[Round "2.12"]
[White "Vidit, Santosh Gujrathi"]
[Black "Ju, Wenjun"]
[Result "0-1"]
[WhiteTitle "GM"]
[BlackTitle "GM"]
[WhiteElo "2731"]
[BlackElo "2550"]
[WhiteFideId "5029465"]
[BlackFideId "8603006"]
[EventDate "2023.05.17"]
[EventType "swiss"]

1. e4 e5 2. Nf3 Nc6 3. Bc4 Bc5 4. d3 Nf6 5. O-O d6 6. c3 a6 7. a4 h6 8. Re1 O-O
9. h3 Ba7 10. Nbd2 Be6 11. Bxe6 fxe6 12. b4 Nh5 13. Nf1 Qf6 14. Ra2 Nf4 15. Kh2
Rf7 16. b5 Ne7 17. bxa6 bxa6 18. Be3 c5 19. Bxf4 Qxf4+ 20. Kh1 Qf6 21. Ne3 Ng6
22. Rb2 Raf8 23. Ng1 Qg5 24. Qg4 Qxg4 25. Nxg4 h5 26. Ne3 Rxf2 27. Rb7 R2f7 28.
Rxf7 Kxf7 29. Nc4 Ke7 30. Nf3 Nf4 31. g3 Nxd3 32. Re3 Nc1 33. Kg2 Bb8 34. Re1
Na2 35. Rb1 Bc7 36. Rb7 Kd7 37. Ng5 Rb8 38. Ra7 Nxc3 39. a5 Rb4 40. Nb6+ Kc6 41.
Nxe6 Bxb6 42. axb6 Kxb6 43. Rxg7 Nxe4 44. Kf3 d5 45. Rg6 Rb3+ 46. Kg2 Rb2+ 47.
Kf3 Rf2+ 48. Ke3 Rf6 49. Nf8 Rxg6 50. Nxg6 Nxg3 51. Nxe5 a5 0-1

[Event "6th Sharjah Masters 2023"]
[Site "Sharjah UAE"]
[Date "2023.05.18"]
[Round "2.13"]
[White "Sjugirov, Sanan"]
[Black "Murzin, Volodar"]
[Result "1/2-1/2"]
[WhiteTitle "GM"]
[BlackTitle "GM"]
[WhiteElo "2712"]
[BlackElo "2604"]
[WhiteFideId "4189302"]
[BlackFideId "44155573"]
[EventDate "2023.05.17"]
[EventType "swiss"]

1. d4 d5 2. c4 c6 3. Nc3 Nf6 4. e3 e6 5. Bd3 Nbd7 6. cxd5 exd5 7. Nge2 Bd6 8. f3
c5 9. O-O O-O 10. g4 h6 11. Kh1 Re8 12. Rg1 Nf8 13. Nb5 Ne6 14. Nxd6 Qxd6 15.
Bd2 Bd7 16. h4 cxd4 17. exd4 Nh7 18. Be1 Qb6 19. a4 a5 20. Qd2 Nhf8 21. Bg3 Qb4
22. Qxb4 axb4 23. b3 Nd8 24. Bf2 Nc6 25. Kg2 Na5 26. Rab1 f5 27. g5 hxg5 28.
hxg5 Ng6 29. Kg3 Rac8 30. Rgd1 Kf7 31. Be1 Nc6 32. Bb5 Rh8 33. Bd2 f4+ 34. Nxf4
Bf5 35. Bxc6 Rxc6 36. Nxg6 Kxg6 37. Rbc1 Rc2 38. Rxc2 Bxc2 39. Re1 Bxb3 40. a5
Bc4 41. Re6+ Kh5 42. Re7 b3 43. Rxb7 Re8 44. a6 Bxa6 45. Rxb3 Bc8 46. Rb8 Kg6
47. Bf4 Kf5 48. Ra8 Bd7 49. Ra7 Re7 50. Ra5 Be6 51. Ra8 Bf7 52. Rd8 Rb7 53. Rf8
Re7 54. Ra8 Rb7 55. Ra1 Re7 56. Rc1 Be8 57. Rh1 Bf7 58. Rh7 Kg6 59. Rh4 Kf5 60.
Bd6 Rd7 61. Bf4 Re7 62. Be5 Be6 63. Bd6 Re8 64. Bf4 Bf7 65. Rh1 Re7 66. Rb1 Bg6
67. Rb6 Bf7 68. Rd6 Be6 69. Ra6 Bf7 70. Ra8 Be8 71. Rd8 Bf7 72. Be5 Kxg5 73.
Bxg7 Re8 74. Rd6 Be6 75. Be5 Kf5 76. Ra6 Rg8+ 77. Kf2 Rc8 78. Ra7 Rc2+ 79. Kg3
Rc8 80. Rh7 Kg6 81. Rh4 Rf8 82. Kf2 Rc8 83. Rh1 Rg8 84. Ke3 Ra8 85. Rg1+ Kf5 86.
Rg4 Rg8 87. Rf4+ Kg5 88. Rf6 Rg6 89. Rf8 Rg8 90. Rf6 Rg6 91. f4+ Kh5 1/2-1/2

[Event "6th Sharjah Masters 2023"]
[Site "Sharjah UAE"]
[Date "2023.05.18"]
[Round "2.14"]
[White "Can, Emre"]
[Black "Predke, Alexandr"]
[Result "0-1"]
[WhiteTitle "GM"]
[BlackTitle "GM"]
[WhiteElo "2575"]
[BlackElo "2685"]
[WhiteFideId "6302181"]
[BlackFideId "24107581"]
[EventDate "2023.05.17"]
[EventType "swiss"]

1. d4 Nf6 2. c4 e6 3. Nc3 Bb4 4. a3 Bxc3+ 5. bxc3 b6 6. f3 d5 7. cxd5 exd5 8. e3
O-O 9. Bd3 Ba6 10. Ne2 c5 11. O-O Re8 12. Ng3 Bxd3 13. Qxd3 Nc6 14. Bb2 c4 15.
Qd2 h5 16. Rae1 h4 17. Nh1 b5 18. Nf2 a5 19. e4 Rb8 20. e5 Nh7 21. Ng4 b4 22.
axb4 axb4 23. Ne3 Qd7 24. f4 f5 25. Qf2 bxc3 26. Bxc3 Rb3 27. Rc1 h3 28. g3 Ne7
29. Qf3 Qe6 30. Kh1 Rf8 31. Qh5 Ra8 32. g4 Nf6 33. gxf5 Nxh5 34. fxe6 Raa3 35.
Bd2 Ra2 36. Rc2 Rxc2 37. Nxc2 Nf5 38. Kg1 g6 39. Bb4 Rb2 40. e7 Nhg7 41. Rc1 Kf7
42. Bc3 Rb3 43. Nb4 Nxe7 44. Kf2 Ngf5 45. Ke2 Nxd4+ 46. Bxd4 Rxb4 47. Ra1 Nc6
48. Bc3 Rb3 49. Ra6 Rxc3 50. Rxc6 Rc2+ 51. Kf3 Rxh2 52. Rc7+ Ke8 53. Kg4 Rf2 54.
Kg5 h2 55. Rh7 c3 0-1

[Event "6th Sharjah Masters 2023"]
[Site "Sharjah UAE"]
[Date "2023.05.18"]
[Round "2.15"]
[White "Martirosyan, Haik M."]
[Black "Mendonca, Leon Luke"]
[Result "1/2-1/2"]
[WhiteTitle "GM"]
[BlackTitle "GM"]
[WhiteElo "2675"]
[BlackElo "2603"]
[WhiteFideId "13306553"]
[BlackFideId "35028561"]
[EventDate "2023.05.17"]
[EventType "swiss"]

1. d4 d5 2. c4 e6 3. Nf3 Nf6 4. Nc3 c6 5. Bg5 h6 6. Bxf6 Qxf6 7. e3 g6 8. Bd3
Bg7 9. O-O O-O 10. Qe2 Nd7 11. Rfd1 Qe7 12. Rac1 Rd8 13. a3 a6 14. Bb1 b5 15.
cxd5 exd5 16. Na2 Bb7 17. Nb4 c5 18. dxc5 Nxc5 19. Rc2 a5 20. Nd3 Ne6 21. Qe1
Qd6 22. Ba2 b4 23. axb4 axb4 24. Bb3 Rab8 25. h3 Qb6 26. Rdc1 Re8 27. Nfe5 Qd6
28. Nc6 Bxc6 29. Rxc6 Qd7 30. Qd1 Red8 31. h4 h5 32. Qf3 Rb5 33. g3 Qe7 34. Rc8
Qf8 35. Rxd8 Qxd8 36. Kg2 Bf6 37. Ba4 Ra5 38. Bd7 Qxd7 39. Qxf6 Qb7 40. Qf3 Kg7
41. Kh2 b3 42. Nf4 Qd7 43. Qd1 Nxf4 44. Qd4+ Kh7 45. Qxf4 Ra4 46. Qe5 Rc4 47.
Rd1 Qe6 48. Qxd5 Qxd5 49. Rxd5 Rc2 50. Kg2 Rxb2 51. Rb5 Kg7 52. Rb6 Rb1 53. Kf3
Rb2 54. e4 Kf8 55. Rb7 Kg7 56. e5 Kf8 57. Ke3 Kg8 58. Rb8+ Kg7 59. Kf3 Kh7 60.
Ke3 Kg7 61. Ke4 1/2-1/2

[Event "6th Sharjah Masters 2023"]
[Site "Sharjah UAE"]
[Date "2023.05.18"]
[Round "2.16"]
[White "Oparin, Grigoriy"]
[Black "Socko, Bartosz"]
[Result "1/2-1/2"]
[WhiteTitle "GM"]
[BlackTitle "GM"]
[WhiteElo "2667"]
[BlackElo "2591"]
[WhiteFideId "24125890"]
[BlackFideId "1107038"]
[EventDate "2023.05.17"]
[EventType "swiss"]

1. d4 Nf6 2. c4 e6 3. Nf3 d5 4. Nc3 Be7 5. cxd5 exd5 6. Bf4 c6 7. e3 Bf5 8. Nh4
Be4 9. Be2 h6 10. O-O Bh7 11. Bd3 Ne4 12. Nf3 Nxc3 13. bxc3 Bxd3 14. Qxd3 O-O
15. Rfb1 Qc8 16. a4 Rd8 17. c4 dxc4 18. Qxc4 Nd7 19. Qb3 b6 20. Rd1 Qa6 21. Rac1
Rac8 22. h3 Qb7 23. e4 Nf8 24. Bg3 Bd6 25. Bxd6 Rxd6 26. a5 Ne6 27. axb6 Rcd8
28. e5 Rd5 29. Qa4 axb6 30. Qxc6 Qxc6 31. Rxc6 Nxd4 32. Rxd4 Rxd4 33. Nxd4 Rxd4
34. Rxb6 Rd5 35. f4 Rd4 36. g3 Rd2 37. Rb8+ Kh7 38. f5 Rd5 39. Re8 f6 40. exf6
Rxf5 41. fxg7 Kxg7 1/2-1/2

[Event "6th Sharjah Masters 2023"]
[Site "Sharjah UAE"]
[Date "2023.05.18"]
[Round "2.17"]
[White "Sindarov, Javokhir"]
[Black "Jumabayev, Rinat"]
[Result "0-1"]
[WhiteTitle "GM"]
[BlackTitle "GM"]
[WhiteElo "2661"]
[BlackElo "2590"]
[WhiteFideId "14205483"]
[BlackFideId "13702661"]
[EventDate "2023.05.17"]
[EventType "swiss"]

1. e4 e5 2. Nf3 Nc6 3. Bc4 Nf6 4. d3 h6 5. a4 d6 6. a5 g6 7. a6 b6 8. Nc3 Bg7 9.
Nd5 O-O 10. h4 Be6 11. Nxf6+ Qxf6 12. Be3 Rad8 13. h5 d5 14. exd5 Bxd5 15. Bxd5
Rxd5 16. Ra4 g5 17. Nxg5 hxg5 18. h6 Bxh6 19. Qh5 Rd6 20. Bxg5 Qxg5 21. Rg4 Qxg4
22. Qxg4+ Bg7 23. Rh3 Rfd8 24. c3 Ne7 25. Qe4 c6 26. Kf1 b5 27. Rg3 Ng6 28. Kg1
Re6 29. Rf3 Rd7 30. Re3 Bf8 31. Qg4 Rdd6 32. g3 c5 33. f4 exf4 34. Rxe6 Rxe6 35.
gxf4 Rxa6 36. f5 Bg7 37. Qe4 Nf8 38. Qd5 Ra1+ 39. Kg2 Rb1 40. Qxc5 Rxb2+ 41. Kf3
a5 42. Qb6 a4 43. f6 Bh6 44. Qc5 Ng6 45. d4 Bf8 46. Qa7 a3 47. Ke4 Rf2 48. Qa6
Rf4+ 49. Ke3 Rf5 50. Ke4 Rh5 51. Qa8 Rh3 52. Qa5 Rh4+ 53. Ke3 Rh1 54. Qa6 Re1+
55. Kd2 Rb1 56. Kc2 Rb2+ 57. Kd3 Nf4+ 58. Ke4 Nh5 59. Ke3 a2 60. Kd3 Rg2 61. Qa8
Rh2 62. d5 Nxf6 63. d6 Kg7 64. Kd4 0-1

[Event "6th Sharjah Masters 2023"]
[Site "Sharjah UAE"]
[Date "2023.05.18"]
[Round "2.18"]
[White "Peralta, Fernando"]
[Black "Abasov, Nijat"]
[Result "1/2-1/2"]
[WhiteTitle "GM"]
[BlackTitle "GM"]
[WhiteElo "2596"]
[BlackElo "2634"]
[WhiteFideId "105309"]
[BlackFideId "13402960"]
[EventDate "2023.05.17"]
[EventType "swiss"]

1. d4 Nf6 2. c4 e6 3. Nc3 Bb4 4. e3 O-O 5. Bd2 d5 6. Nf3 b6 7. Rc1 Ba6 8. Qa4
Be7 9. cxd5 Bxf1 10. Kxf1 exd5 11. Ke2 c6 12. Rhd1 Bd6 13. Kf1 Qe7 14. Kg1 b5
15. Qc2 Nbd7 16. e4 Nxe4 17. Nxe4 dxe4 18. Re1 Nf6 19. Qxc6 h6 20. Ne5 Rab8 21.
Ba5 Bb4 22. Bxb4 Qxb4 23. Qc5 Qxc5 24. dxc5 Rbc8 25. Red1 Rfe8 26. Nd7 Nxd7 27.
Rxd7 Red8 28. Rxd8+ Rxd8 29. c6 1/2-1/2

[Event "6th Sharjah Masters 2023"]
[Site "Sharjah UAE"]
[Date "2023.05.18"]
[Round "2.19"]
[White "Suleymanli, Aydin"]
[Black "Dardha, Daniel"]
[Result "1-0"]
[WhiteTitle "GM"]
[BlackTitle "GM"]
[WhiteElo "2560"]
[BlackElo "2631"]
[WhiteFideId "13413937"]
[BlackFideId "240990"]
[EventDate "2023.05.17"]
[EventType "swiss"]

1. c4 g6 2. Nc3 Bg7 3. d4 c5 4. d5 Bxc3+ 5. bxc3 e5 6. h4 Nf6 7. e4 Nxe4 8. Qe2
f5 9. f3 Nf6 10. Qxe5+ Kf7 11. Qd6 Qe7+ 12. Qxe7+ Kxe7 13. Kf2 d6 14. Bf4 Nbd7
15. Re1+ Ne5 16. g3 h6 17. Bxe5 dxe5 18. Rxe5+ Kd6 19. Re1 Bd7 20. Nh3 Nh5 21.
Nf4 Nxf4 22. gxf4 h5 23. Rg1 Rhg8 24. Bd3 Raf8 25. Rb1 Bc8 26. a4 Re8 27. a5 Re7
28. Bc2 Ree8 29. Ba4 Re7 30. Rbe1 Rxe1 31. Rxe1 Bd7 32. Bxd7 Kxd7 33. a6 b6 34.
Re6 Rg7 35. Rc6 Rg8 36. Ke2 Rg7 37. Kd2 Rg8 38. Kc2 Rg7 39. Kb3 Rg8 40. Ka4 Rg7
41. Kb5 Kd8 42. Rd6+ Kc8 43. Rf6 Kc7 44. Rf8 Kd7 45. Ra8 Kd6 46. Ka4 Re7 47. Rg8
Re3 48. Rxg6+ Kc7 49. Rg7+ Kd6 50. Kb3 1-0

[Event "6th Sharjah Masters 2023"]
[Site "Sharjah UAE"]
[Date "2023.05.18"]
[Round "2.20"]
[White "Erdos, Viktor"]
[Black "Yakubboev, Nodirbek"]
[Result "1/2-1/2"]
[WhiteTitle "GM"]
[BlackTitle "GM"]
[WhiteElo "2565"]
[BlackElo "2630"]
[WhiteFideId "719978"]
[BlackFideId "14203987"]
[EventDate "2023.05.17"]
[EventType "swiss"]

1. d4 d5 2. c4 e6 3. Nc3 a6 4. cxd5 exd5 5. Bf4 Nf6 6. e3 c5 7. dxc5 Bxc5 8. Nf3
Nc6 9. Be2 O-O 10. O-O d4 11. exd4 Nxd4 12. Nxd4 Bxd4 13. Bf3 Ra7 14. Bb8 Ra8
15. Bf4 Ra7 16. Bb8 1/2-1/2

[Event "6th Sharjah Masters 2023"]
[Site "Sharjah UAE"]
[Date "2023.05.18"]
[Round "2.21"]
[White "Petrosyan, Manuel"]
[Black "Vokhidov, Shamsiddin"]
[Result "1/2-1/2"]
[WhiteTitle "GM"]
[BlackTitle "GM"]
[WhiteElo "2629"]
[BlackElo "2586"]
[WhiteFideId "13300857"]
[BlackFideId "14204223"]
[EventDate "2023.05.17"]
[EventType "swiss"]

1. e4 c5 2. Nf3 d6 3. d4 cxd4 4. Nxd4 Nf6 5. Nc3 Nc6 6. Bg5 e6 7. Qd2 a6 8.
O-O-O Bd7 9. f3 Nxd4 10. Qxd4 Be7 11. Kb1 Qc7 12. h4 b5 13. a3 Rb8 14. Be3 O-O
15. Qa7 Rb7 16. Qxa6 b4 17. axb4 Rxb4 18. Nb5 Qb8 19. c4 d5 20. Bd2 Rb3 21. Bc3
dxc4 22. Rxd7 Nxd7 23. Bxc4 Nc5 24. Qa7 Rxb5 25. Qxe7 Na4 26. Bxb5 Nxc3+ 27.
bxc3 Qxb5+ 28. Kc1 Qd3 29. Qb4 Ra8 30. Qb2 Rc8 31. Qd2 Qa6 32. Rd1 Qa5 33. Kc2
h6 34. Rb1 Rd8 35. Qe2 Qa4+ 36. Kc1 Rc8 37. Qd3 Qa3+ 38. Kc2 Qc5 39. Qd2 Ra8 40.
Qd4 Qc7 41. e5 Rd8 42. Rb7 Qc8 43. Qb6 Rf8 44. Kb3 Qa8 1/2-1/2

[Event "6th Sharjah Masters 2023"]
[Site "Sharjah UAE"]
[Date "2023.05.18"]
[Round "2.22"]
[White "Sethuraman, S.P."]
[Black "Van Foreest, Lucas"]
[Result "1-0"]
[WhiteTitle "GM"]
[BlackTitle "GM"]
[WhiteElo "2626"]
[BlackElo "2556"]
[WhiteFideId "5021596"]
[BlackFideId "1039792"]
[EventDate "2023.05.17"]
[EventType "swiss"]

1. e4 e5 2. Nf3 Nc6 3. Bb5 Nf6 4. d3 d6 5. O-O a6 6. Bxc6+ bxc6 7. d4 exd4 8.
Nxd4 c5 9. Nc6 Qd7 10. Na5 Qa4 11. Bd2 Be7 12. Re1 Bg4 13. f3 Be6 14. c4 Qxd1
15. Rxd1 Nd7 16. b3 Nb8 17. Nc3 Bf6 18. Rac1 Kd7 19. Nd5 Bd4+ 20. Kf1 Nc6 21.
Nxc6 Kxc6 22. Ba5 Bxd5 23. cxd5+ Kd7 24. Rxd4 cxd4 25. Rxc7+ Ke8 26. e5 dxe5 27.
d6 Rb8 28. Ra7 1-0

[Event "6th Sharjah Masters 2023"]
[Site "Sharjah UAE"]
[Date "2023.05.18"]
[Round "2.23"]
[White "Vasquez Schroeder, Rodrigo"]
[Black "Indjic, Aleksandar"]
[Result "1/2-1/2"]
[WhiteTitle "GM"]
[BlackTitle "GM"]
[WhiteElo "2524"]
[BlackElo "2618"]
[WhiteFideId "3400042"]
[BlackFideId "911925"]
[EventDate "2023.05.17"]
[EventType "swiss"]

1. d4 Nf6 2. Nf3 d5 3. c4 e6 4. Nc3 c6 5. e3 a6 6. b3 Bb4 7. Bd2 Nbd7 8. Bd3 Qe7
9. O-O O-O 10. Qc2 e5 11. dxe5 Nxe5 12. Nxe5 Qxe5 13. Nxd5 Nxd5 14. cxd5 Bxd2
15. Qxd2 Qxd5 16. Qc2 Qh5 17. Rfd1 Bg4 18. f3 Be6 19. Qc3 Rfd8 20. Bc2 a5 21. a3
f6 22. Rxd8+ Rxd8 23. Rd1 Rxd1+ 24. Bxd1 Qb5 25. b4 axb4 26. axb4 Kf7 27. Kf2
Qd5 28. Be2 b5 29. e4 Qd6 30. g3 Ke7 1/2-1/2

[Event "6th Sharjah Masters 2023"]
[Site "Sharjah UAE"]
[Date "2023.05.18"]
[Round "2.24"]
[White "Aryan, Chopra"]
[Black "Moroni, Luca Jr"]
[Result "1/2-1/2"]
[WhiteTitle "GM"]
[BlackTitle "GM"]
[WhiteElo "2617"]
[BlackElo "2535"]
[WhiteFideId "5084423"]
[BlackFideId "865834"]
[EventDate "2023.05.17"]
[EventType "swiss"]

1. e4 e5 2. Nf3 Nc6 3. Bc4 Bc5 4. c3 Nf6 5. d3 d6 6. O-O a6 7. a4 Ba7 8. Re1 h6
9. Nbd2 O-O 10. h3 Be6 11. Bxe6 fxe6 12. Nf1 Nh5 13. b4 Qe8 14. Ra2 Qg6 15. N1h2
Nf4 16. Bxf4 Rxf4 17. b5 Nb8 18. bxa6 Nxa6 19. Qb1 Qe8 20. g3 Rf7 21. Kg2 Nc5
22. a5 b5 23. axb6 Bxb6 24. Rxa8 Qxa8 25. d4 Nd7 26. Qb3 Qe8 27. Ng4 exd4 28.
cxd4 Rf8 29. Rc1 Qf7 30. Rc2 Qg6 31. Re2 Qf7 32. Rc2 Qg6 33. Re2 Qf7 1/2-1/2

[Event "6th Sharjah Masters 2023"]
[Site "Sharjah UAE"]
[Date "2023.05.18"]
[Round "2.25"]
[White "Muradli, Mahammad"]
[Black "Ter-Sahakyan, Samvel"]
[Result "1/2-1/2"]
[WhiteTitle "GM"]
[BlackTitle "GM"]
[WhiteElo "2531"]
[BlackElo "2617"]
[WhiteFideId "13409301"]
[BlackFideId "13302531"]
[EventDate "2023.05.17"]
[EventType "swiss"]

1. d4 Nf6 2. c4 e6 3. Nf3 d5 4. Nc3 Be7 5. Bf4 O-O 6. e3 c5 7. dxc5 Bxc5 8. Qc2
Nc6 9. a3 Qa5 10. Rd1 h6 11. Be2 Ne4 12. cxd5 exd5 13. O-O Nxc3 14. bxc3 Rd8 15.
a4 Bd6 16. Bxd6 Rxd6 17. c4 Be6 18. c5 Rd7 19. Nd4 Nxd4 20. exd4 Rc7 21. Rb1 Bd7
22. Bb5 Re8 23. Qb3 Bc6 24. Qb4 1/2-1/2